Comunitat, participació i benestar social : en homenatge a Josep M. Rueda (1946-1996) / en homenatge a Josep M. Rueda (1946-1996) /
ISBN:
9788498037678
Descripción Física:
436 pàgines : gràfics ; 24 cm
Otros Autores:
Rubiol, Glòria
Materias:
Rueda Palenzuela, Josep M. -- Miscel·lànies
; Serveis socials -- Reculls d'escrits
; Benestar social -- Reculls d'escrits
Idioma:
Catalán , Español
MARC
| LEADER | 00000cam a2200000 a 4500 | ||
|---|---|---|---|
| 001 | 26027 | ||
| 005 | 20260324181125.0 | ||
| 008 | 170123s2016 spcd||| ||||o010 |dcat|c | ||
| 017 | |a DL B 24962-2016 |b Biblioteca de Catalunya | ||
| 020 | |a 9788498037678 | ||
| 041 | 0 | |a cat |a spa | |
| 080 | |a Bib-703 | ||
| 245 | 0 | 0 | |a Comunitat, participació i benestar social : |b en homenatge a Josep M. Rueda (1946-1996) / |c [compilació: Glòria Rubiol] |
| 250 | |a 2a edició | ||
| 260 | |a Barcelona : |b Diputació de Barcelona : |b Fundació d'Estudi i Cooperació, |c desembre de 2016 | ||
| 300 | |a 436 pàgines : |b gràfics ; |c 24 cm | ||
| 546 | |a Textos en català i castellà | ||
| 600 | 0 | |a Rueda Palenzuela, Josep M. |x Miscel·lànies |2 lemac |9 53567 | |
| 650 | 0 | |a Serveis socials |2 Arxiu |9 34388 |x Reculls d'escrits | |
| 650 | 0 | |a Benestar social |2 Arxiu |9 34390 |x Reculls d'escrits | |
| 700 | |a Rubiol, Glòria |e compilador |9 1340 | ||
| 710 | 1 | |a Barcelona (Catalunya : Província). |b Diputació |9 52408 | |
| 710 | 2 | |a Fundació d'Estudi i Cooperació |9 53568 | |
| 908 | |a UAB |a BC | ||
| 940 | |a BC | ||
| 942 | |2 udc |c ARXIU |n 1 | ||
| 952 | |0 0 |1 0 |4 0 |6 BIB703 |7 1 |9 62497 |a Arxiu |b Arxiu |d 2022-06-21 |l 0 |o Bib-703 |p 26027 |r 2022-06-21 00:00:00 |w 2022-06-21 |y ARXIU | ||
| 999 | |c 82109 |d 82109 | ||